000
00299nam a2200121Ia 4500
008
191201s2003 xx 000 0 und d
100
_a
MAXWELL, J.C
245
0
_a
How Successful People Think
260
_a
New York
_b
Centre Street
_c
2003
300
_a
127
650
_a
General Books
942
_2
ddc
_c
BK
999
_c
4721
_d
4721